Postavenie a význam komerčného poistenia v dôchodkovom systéme v Slovenskej republike diplomová práca

Gespeichert in:
Bibliographische Detailangaben
1. Verfasser: Vallo, Denis
Körperschaft: Národohospodárska fakulta EU. Katedra poisťovníctva
Weitere Verfasser: Snopková, Andrea, 1987-
Format: Buch
Sprache:Slowakisch
Veröffentlicht: Bratislava 2025
Tags: Tag hinzufügen
Keine Tags, Fügen Sie das erste Tag hinzu!

MARC

LEADER 00000nbm a2200000 4500
001 0309333
005 20251203110855.5
041 0 |a slo 
044 |a SK 
245 1 0 |a Postavenie a význam komerčného poistenia v dôchodkovom systéme v Slovenskej republike  |b diplomová práca  |c Denis Vallo ; školiteľ: Andrea Snopková 
264 1 |a Bratislava  |c 2025 
300 |a 60 s. 
100 1 |a Vallo, Denis 
700 1 |a Snopková, Andrea, 1987- 
710 2 |a Národohospodárska fakulta EU. Katedra poisťovníctva